| 000 | 00509nam a2200205Ia 4500 | ||
|---|---|---|---|
| 003 | GCL | ||
| 008 | 140319s9999 xx 000 0 eng d | ||
| 040 |
_aGCL / _cGCL |
||
| 082 | 0 | 4 |
_a546.731 _bC A |
| 100 | 1 | _aBASTACK, TONY W | |
| 245 | 1 | 0 |
_aAROMATIC FLUORINATION / _cBASTACK, TONY W |
| 700 | 1 | _aCLARK, JAMES H | |
| 700 | 1 | _aWAILS, DAVID | |
| 260 |
_a[S.N] : _bCRC PRESS ، _c1996 |
||
| 300 | _a186 P | ||
| 650 | 0 | 4 | _aCHEMISTRY |
| 650 | 0 | 4 | _aINORGANIC CHEMISTRY |
| 650 | 0 | 4 | _aFLUORIN |
| 942 |
_2ddc _cBK |
||
| 999 |
_c14200 _d14200 |
||